Indovina il Film dalla Trama- Anni 2000 - Statistics

Statistiche generali
  • Questo quiz è stato fatto 766 volte
  • Il punteggio medio è 12 su 24
Statistiche sulle risposte
Anno Trama Film % Corretto
2000 Un essere verdastro, mostruoso, bisbetico e solitario decide di rubare il natale per fare un dispetto agli abitanti della vicina cittadina. Il Grinch
95%
2001 Questa non è la solita fiaba in cui un principe salva la principessa, qua a salvare la principessa è un mostro verde che abita in una palude. Shrek
84%
2000 Un imperatore romano ormai anziano sceglie come suo successore un abile e vittorioso generale. Questa decisione scatena le ire del figlio. Il Gladiatore
82%
2007 Un ratto appassionato di cucina riesce a coronare il suo sogno grazie ad un incredibile amicizia con un ragazzo. Ratatouille
82%
2006 Una giovane neolaureata diventa assistente della rigida e insensibile direttrice in una famosa rivista di moda. Il Diavolo Veste Prada
78%
2002 Un celebre musicista ebreo sfrutta il suo mestiere per cercare di sopravvivere all’interno del ghetto di Varsavia. Il Pianista
70%
2001 Un bambino di 11 anni, dopo aver scoperto di punto in bianco di essere magico, inizia il suo primo anno in una rinomata scuola in Scozia. Harry Potter E La Pietra Filosofale
67%
2002 Dopo sette giorni dalla visione di una videocassetta, una tenebrosa bambina esce dalla tv e non ti lascia scampo. The Ring
66%
2000 Un ragazzino inglese prende lezioni di danza di nascosto dal padre che invece è convinto frequenti i corsi di boxe. Billy Elliot
65%
2000 Un ingegnere, unico superstite di un incidente aereo avvenuto nei pressi di un'isola sperduta, fa di tutto per sopravvivere nella speranza di tornare a casa. Cast away
61%
2008 Un sadico e spietato criminale in ascesa, fa precipitare Gotham City nell'anarchia e costringe Batman a fare a patti con i suoi demoni. Il Cavaliere Oscuro
58%
2009 Un ex marine, tramite un particolare Progetto, approda su pianeta lontano dove si infiltra tra la popolazione nativa che si oppone all'intervento umano sul loro mondo. Avatar
51%
2009 Un gruppo di soldati ebrei deve portare a termine una missione punitiva nei confronti dei nazisti. Il loro destino si incrocia con quello di una giovane ebrea che architetta a sua volta una vendetta contro il Terzo Reich. Bastardi Senza Gloria
48%
2004 Un vecchio e burbero pugile aiuta una talentuosa ragazza a diventare una campionessa di pugilato. Million Dollar Baby
47%
2004 Quando la relazione tra i due protagonisti finisce, lei decide di farsi asportare la porzione di memoria che riguarda l'ex. Lui decide di fare lo stesso. Se Mi Lasci Ti Cancello
44%
2001 Un gruppo di creature di diverse specie crea un'alleanza per distruggere un piccolo potentissimo oggetto e sconfiggere l'Oscuro Potere. Il Signore Degli Anelli -La Compagnia Dell'Anello
41%
2001 La ballerina di can can di un famoso locale di cabaret parigino seduce uno scrittore londinese. La loro storia d'amore viene però ostacolata. Moulin Rouge!
40%
2005 Durante un lavoro estivo due cowboy si innamorano. Il loro è però un amore che negli USA degli anni '60 è proibito. L'unico modo è incontrasi in segreto. I Segreti Di Brokeback Mountain
35%
2008 Un giovane di Mumbai con una storia difficile alle spalle, partecipa a un famosissimo quiz show. The Millionaire
34%
2006 Una giovane recluta del dipartimento di polizia di Boston viene mandata in incognito tra le fila di una gang di un boss mafioso. The Departed- Il Bene e Il Male
28%
2006 Una bizzarra famiglia affronta un viaggio su un malmesso pulmino per accompagnare la piccola di casa ad un concorso di bellezza per bambine. Little Miss Sunshine
25%
2008 A cavallo tra '800 e '900 un modesto minatore si arricchisce in breve tempo, divenendo un spietato mercante di oro nero. Il Petroliere
20%
2003 Le vite di tre uomini, in gioventù molto amici, si incrociano di nuovo quando la figlia di uno di loro viene uccisa. Mystic River
20%
2003 Un attempato divo hollywoodiano in declino e la giovane moglie di un fotografo si incontrano a Tokyo e instaurano un legame di complicità e amicizia. Lost In Traslation
10%
Nessun quiz corrispondente trovato
Distribuzione punteggi
Percentuale di utenti per punteggio
Percentile per numero di risposta
I tuoi punteggi nel tempo
Non hai fatto questo quiz